<?xml version="1.0" encoding="UTF-8"?>
<record
    xmlns:xsi="http://www.w3.org/2001/XMLSchema-instance"
    xsi:schemaLocation="http://www.loc.gov/MARC21/slim http://www.loc.gov/standards/marcxml/schema/MARC21slim.xsd"
    xmlns="http://www.loc.gov/MARC21/slim">

  <leader>02954nam a2200313 i 4500</leader>
  <controlfield tag="003">CSPC</controlfield>
  <controlfield tag="005">20251022101449.0</controlfield>
  <controlfield tag="008">251022s2023    nyua     b    001 0 eng d</controlfield>
  <datafield tag="020" ind1=" " ind2=" ">
    <subfield code="a">9781984679826</subfield>
  </datafield>
  <datafield tag="040" ind1=" " ind2=" ">
    <subfield code="a">CSPC</subfield>
    <subfield code="b">eng</subfield>
    <subfield code="c">CSPC</subfield>
    <subfield code="e">rda</subfield>
  </datafield>
  <datafield tag="082" ind1="0" ind2="4">
    <subfield code="a">641.874</subfield>
    <subfield code="b">B230</subfield>
  </datafield>
  <datafield tag="245" ind1="0" ind2="4">
    <subfield code="a">The bar and beverage handbook.</subfield>
  </datafield>
  <datafield tag="250" ind1=" " ind2=" ">
    <subfield code="a">3rd edition.</subfield>
  </datafield>
  <datafield tag="264" ind1=" " ind2="1">
    <subfield code="a">New York :</subfield>
    <subfield code="b">3G E-Learning,</subfield>
    <subfield code="c">2023.</subfield>
  </datafield>
  <datafield tag="300" ind1=" " ind2=" ">
    <subfield code="a">xii, 336 pages :</subfield>
    <subfield code="b">color illustrations ;</subfield>
    <subfield code="c">25 cm.</subfield>
  </datafield>
  <datafield tag="336" ind1=" " ind2=" ">
    <subfield code="2">rdacontent</subfield>
    <subfield code="a">text</subfield>
  </datafield>
  <datafield tag="337" ind1=" " ind2=" ">
    <subfield code="2">rdamedia</subfield>
    <subfield code="a">unmediated</subfield>
  </datafield>
  <datafield tag="338" ind1=" " ind2=" ">
    <subfield code="2">rdacarrier</subfield>
    <subfield code="a">volume</subfield>
  </datafield>
  <datafield tag="504" ind1=" " ind2=" ">
    <subfield code="a">Includes bibliographical references and index.</subfield>
  </datafield>
  <datafield tag="505" ind1="0" ind2=" ">
    <subfield code="a">Introduction to bar and beverage service operation -- The role of the bartender -- Bar and service equipment -- Bar operation -- Cold beverages -- Provide basic wine service -- Health, safety and security in the bar -- Customer care and payment in bar.</subfield>
  </datafield>
  <datafield tag="520" ind1=" " ind2=" ">
    <subfield code="a">"The food and beverage service is a process of preparing, presenting, and serving food and beverages to customers. Food can include a wide range of styles and cuisine types. These can be classified by country. Beverages include all alcoholic and non-alcoholic drinks. Alcoholic beverages include wines and all other types of alcoholic drinks such as Cocktails, Beer, Ciders, Spirits, and Liqueurs. The bar and beverage sector worldwide has undergone considerable change in recent years as consumer expectation shave changed. A pub visit can be now all about having that one special night out, once a week or twice a month, in which the bar owner and their staff members are required to provide an integrated social experience. This experience must contain the tangible elements of the products, for example food, drinks, entertainment, and the intangible elements such as the service, atmosphere, mood and value for money. Consumers are more widely travelled now and are more aware of international foods, flavors and styles of preparation and service. Customers expect the latest hot and cold beverages to be offered and served in a professional and engaging fashion. The traditional image of the bar as an owner-managed pub premises is changing, the sector now also incorporates bars within hotels, restaurants, micro-breweries, night clubs, and leisure, theatre and transport complex-es. Owners and managers must now operate more effectively with flexible work practices to manage their diverse workforces and operational systems for business success.
The 3rd Edition of The Bar and Beverage Handbook contains eight chapters. The chapters are revised with updated content and new chapters are added in this edition." -- Back cover</subfield>
  </datafield>
  <datafield tag="650" ind1=" " ind2="4">
    <subfield code="a">Alcoholic beverages.</subfield>
  </datafield>
  <datafield tag="650" ind1=" " ind2="4">
    <subfield code="a">Bartending.</subfield>
  </datafield>
  <datafield tag="650" ind1=" " ind2="4">
    <subfield code="a">Beverages.</subfield>
  </datafield>
  <datafield tag="650" ind1=" " ind2="4">
    <subfield code="a">Bars (Drinking establishments).</subfield>
  </datafield>
  <datafield tag="710" ind1="1" ind2=" ">
    <subfield code="a">3G E-Learning.</subfield>
  </datafield>
  <datafield tag="942" ind1=" " ind2=" ">
    <subfield code="2">ddc</subfield>
    <subfield code="n">0</subfield>
    <subfield code="c">BK</subfield>
    <subfield code="h">641.874</subfield>
    <subfield code="i">B230</subfield>
    <subfield code="k">CIR</subfield>
    <subfield code="m">2023</subfield>
  </datafield>
  <datafield tag="952" ind1=" " ind2=" ">
    <subfield code="0">0</subfield>
    <subfield code="1">0</subfield>
    <subfield code="2">ddc</subfield>
    <subfield code="4">0</subfield>
    <subfield code="7">0</subfield>
    <subfield code="a">CSPC</subfield>
    <subfield code="b">CSPC</subfield>
    <subfield code="c">CIR</subfield>
    <subfield code="d">2025-10-22</subfield>
    <subfield code="l">0</subfield>
    <subfield code="o">CIR 641.874 B230 2023</subfield>
    <subfield code="p">030598</subfield>
    <subfield code="r">2025-10-22 10:10:06</subfield>
    <subfield code="t">1-1</subfield>
    <subfield code="w">2025-10-22</subfield>
    <subfield code="y">BK</subfield>
  </datafield>
  <datafield tag="999" ind1=" " ind2=" ">
    <subfield code="c">30772</subfield>
    <subfield code="d">30772</subfield>
  </datafield>
</record>
